000 00281nam a2200109Ia 4500
008 200302s9999 xx 000 0 und d
100 _aJanelle McCulloch
245 _aA Pocketful of Apartments
260 _bThe Images Publishing Group Pvt. Ltd.
260 _c2007
300 _a279 P.,
999 _c3073
_d3073